00261 a2200121 4500001000700000020002200007040001100029100002800040240003000068245002500098300000700123362000900130187890 a978-85-10-04883-5 cMagnum aFurtado, Maria Cristina10aA fábrica mágicalpor10aA fábrica mágica a390 a2010